History Quiz

Random History or Country Quiz

Countries by 1950 Leaders Quiz Stats

Quiz Updated Apr 9, 2018

Challenge
Share
Tweet
Embed
Score 0/40 Timer 14:00
7 Plays Today
Leader Country % Correct
Harry TrumanUnited States
94.2%
Mao ZedongPeople's Republic of China
88.1%
Juan PeronArgentina
82.8%
Kim Il-sungNorth Korea
82.1%
Iossif StalinSoviet Union
78%
Francisco FrancoSpain
73.1%
Jawaharlal NehruIndia
66.6%
David Ben GurionIsrael
61.7%
Farouk IEgypt
58.4%
Haile SelassieEthiopia
57.1%
Chiang Kai-shekRepublic of China
55.6%
Josip Broz TitoYugoslavia
55.2%
Shigeru YoshidaJapan
52.9%
Ibn SaudSaudi Arabia
52.5%
Clement AttleeUnited Kingdom
51.6%
Konrad AdenauerWest Germany
46.3%
SukarnoIndonesia
39.7%
Abdullah IJordan
39.3%
Alcide De GasperiItaly
37.5%
Louis St. LaurentCanada
36.7%
Leader Country % Correct
Miguel Aleman ValdesMexico
32.3%
Faisal IIIraq
30.2%
Antonio SalazarPortugal
29.8%
Robert MenziesAustralia
28.5%
Syngman RheeSouth Korea
27.9%
Mohammed Zahir ShahAfghanistan
26.1%
Liaquat Ali KhanPakistan
24.2%
Boleslaw BierutPoland
23.4%
Vulko ChervenkovBulgaria
22.7%
Rafael TrujilloDominican Republic
21.2%
Gheorghe Gheorghiu-DejRomania
20.6%
Matyas RakosiHungary
20%
U NuBurma
19.4%
Vincent AuriolFrance
19%
Anastasio SomozaNicaragua
18.7%
William TubmanLiberia
15.5%
Eurico Gaspar DutraBrazil
14.3%
Carlos Prio SocarrasCuba
13%
Klement GottwaldCzechoslovakia
10%
Daniel Francois MalanSouth Africa
8.2%

You're not logged in!

Compare scores with friends on all Sporcle quizzes.
Join for Free
OR
Log In

You Might Also Like...

Show Comments

Extras

Top Quizzes Today


Score Distribution

Your Account Isn't Verified!

In order to create a playlist on Sporcle, you need to verify the email address you used during registration. Go to your Sporcle Settings to finish the process.

Report this User

Report this user for behavior that violates our Community Guidelines.

Details: